[Event "Aeroflot Open"]
[Site "Moscow RUS"]
[Date "2008.02.18"]
[Round "5"]
[White "Zhigalko,A"]
[Black "Al Sayed,Mohamad"]
[Result "1/2-1/2"]
[WhiteElo "2556"]
[BlackElo "2486"]
[EventDate "2008.02.14"]

1. e4 c6 2. d4 d5 3. Nc3 dxe4 4. Nxe4 Bf5 5. Ng3 Bg6 6. h4 h6 7. Nf3 Nd7 8.
h5 Bh7 9. Bd3 Bxd3 10. Qxd3 e6 11. Bf4 Qa5+ 12. Bd2 Bb4 13. c3 Be7 14. c4
Qc7 15. O-O-O Ngf6 16. Kb1 O-O 17. Qe2 Rfe8 18. Ne4 b5 19. c5 Nxe4 20. Qxe4
Nf6 21. Qe2 Qd7 22. Rde1 Qd5 23. Ka1 a5 24. Rhg1 Ng4 25. Rd1 a4 26. a3 Red8
27. Bb4 Bf6 28. Ne1 Ne5 29. Nc2 Nc4 30. f4 Qd7 31. g4 Qe7 32. Bc3 Rac8 33.
Rg2 Rd7 34. Qe4 Qd8 35. Rdg1 Rd5 36. Rg3 Rc7 37. Rd3 Rcd7 38. Rgd1 Na5 39.
Bxa5 Qxa5 40. Nb4 Qc7 41. Kb1 Rd8 42. Kc2 Qb7 43. R1d2 Qc7 44. Kd1 Qb7 45.
Ke2 Qc7 46. Kd1 Qb7 47. Kc1 Qc7 48. Kc2 Qb7 49. Kb1 Qc7 50. Ka2 Qb7 51. Rd1
Qc7 52. Ka1 Qb7 53. Kb1 Qc7 54. Kc2 Qb7 55. Kc1 Qc7 56. Kb1 Qb7 57. Ka2 Qc7
58. R1d2 Qb7 59. Nxd5 Rxd5 60. b3 axb3+ 61. Rxb3 Qa7 62. Rb4 1/2-1/2

[Event "Aeroflot Open"]
[Site "Moscow RUS"]
[Date "2008.02.18"]
[Round "5"]
[White "Chuprov,D"]
[Black "Meier,Geo"]
[Result "1/2-1/2"]
[WhiteElo "2596"]
[BlackElo "2570"]
[EventDate "2008.02.14"]

1. e4 e6 2. Nf3 d5 3. e5 c5 4. b4 b6 5. c3 Qd7 6. a3 Ne7 7. d4 Ba6 8. Bxa6
Nxa6 9. O-O Nc7 10. bxc5 bxc5 11. dxc5 Na6 12. c4 Nxc5 13. Be3 Na4 14. Nbd2
Nb2 15. Qc2 Nxc4 16. Nxc4 dxc4 17. Qxc4 Nd5 18. Rfd1 Rc8 19. Qa6 Be7 20.
Qxa7 Qxa7 21. Bxa7 Ra8 22. Bd4 Ra4 23. Rdc1 Kd7 24. Bc5 Rha8 25. g3 h6 26.
Bxe7 Kxe7 27. Rcb1 Rxa3 28. Rb7+ Kf8 29. Rxa3 Rxa3 30. Nd4 g5 31. Kg2 g4
32. h3 h5 33. hxg4 hxg4 34. Nc6 Rd3 35. Ra7 Rc3 36. Nd4 Rc5 37. Nb3 Rc2 38.
Ra4 Ne3+ 39. Kg1 Nc4 40. Ra8+ Kg7 41. Rc8 Ne3 42. Nc5 Rc1+ 43. Kh2 Rc2 44.
Kg1 1/2-1/2

[Event "Aeroflot Open"]
[Site "Moscow RUS"]
[Date "2008.02.18"]
[Round "5"]
[White "Ionov,S"]
[Black "Kotanjian,T"]
[Result "0-1"]
[WhiteElo "2546"]
[BlackElo "2545"]
[EventDate "2008.02.14"]

1. c4 e6 2. Nf3 d5 3. d4 Nf6 4. Nc3 c6 5. Bg5 h6 6. Bxf6 Qxf6 7. e3 Nd7 8.
Bd3 g6 9. O-O Bg7 10. e4 dxc4 11. e5 Qe7 12. Bxc4 O-O 13. Qe2 b5 14. Bb3
Bb7 15. Rad1 a6 16. Bc2 c5 17. Be4 Bxe4 18. Qxe4 cxd4 19. Rxd4 Nc5 20. Qe3
Rfd8 21. Rfd1 Rxd4 22. Rxd4 Qc7 23. Rd6 b4 24. Ne2 Rd8 25. Rxd8+ Qxd8 26.
Ne1 Qd5 27. f4 Bf8 28. b3 Ne4 29. Nd4 Bc5 30. Nec2 Nc3 0-1

[Event "Aeroflot Open"]
[Site "Moscow RUS"]
[Date "2008.02.19"]
[Round "6"]
[White "Guseinov,G"]
[Black "Jobava,Ba"]
[Result "1/2-1/2"]
[WhiteElo "2617"]
[BlackElo "2643"]
[EventDate "2008.02.14"]

1. e4 c6 2. d4 d5 3. Nd2 dxe4 4. Nxe4 Bf5 5. Ng3 Bg6 6. h4 h6 7. Nf3 Nd7 8.
h5 Bh7 9. Bd3 Bxd3 10. Qxd3 e6 11. Bd2 Ngf6 12. O-O-O Be7 13. Qe2 Qb6 14.
Ne5 Rd8 15. Rhe1 O-O 1/2-1/2

[Event "Aeroflot Open"]
[Site "Moscow RUS"]
[Date "2008.02.19"]
[Round "6"]
[White "Safarli,E"]
[Black "Sutovsky,E"]
[Result "1/2-1/2"]
[WhiteElo "2496"]
[BlackElo "2642"]
[EventDate "2008.02.14"]

1. e4 c5 2. Nf3 d6 3. Bc4 Nf6 4. d3 Nc6 5. c3 g6 6. O-O Bg7 7. Bb3 O-O 8.
Re1 b5 9. h3 a5 10. a3 a4 11. Bc2 Nd7 12. Be3 Nb6 13. Nbd2 e5 14. b4 axb3
15. Bxb3 Kh8 16. d4 exd4 17. cxd4 Nxd4 18. Nxd4 cxd4 19. Bf4 Be6 20. Nf3 d3
21. Bg5 Qc8 22. Qxd3 Qc3 23. Qxb5 Qxb3 24. Qxb3 Bxb3 25. Rab1 Rxa3 26. Re3
Nd7 27. Rexb3 Rxb3 28. Rxb3 Nc5 29. Re3 Re8 30. Bf4 Rxe4 31. Bxd6 Rxe3 32.
fxe3 Ne4 33. Bf4 f5 34. Ng5 1/2-1/2

[Event "Aeroflot Open"]
[Site "Moscow RUS"]
[Date "2008.02.19"]
[Round "6"]
[White "Mamedov,Rau"]
[Black "Predojevic,B"]
[Result "1/2-1/2"]
[WhiteElo "2583"]
[BlackElo "2641"]
[EventDate "2008.02.14"]

1. e4 c5 2. Nc3 a6 3. Nf3 e6 4. d4 cxd4 5. Nxd4 Qc7 6. f4 b5 7. Bd3 Bb7 8.
Qe2 Nf6 9. Bd2 Bc5 10. Nb3 Be7 11. a3 d6 12. a4 b4 13. Na2 a5 14. c3 bxc3
15. Nxc3 Nc6 16. Nb5 Qb8 17. O-O O-O 18. Bc3 Nb4 19. Rae1 Nxd3 20. Qxd3 d5
21. e5 Ne4 22. Kh1 g6 23. N3d4 Qd8 24. Nb3 Qb8 25. N3d4 1/2-1/2

[Event "Aeroflot Open"]
[Site "Moscow RUS"]
[Date "2008.02.19"]
[Round "6"]
[White "Bocharov,D"]
[Black "Nguyen Ngoc Truong Son"]
[Result "0-1"]
[WhiteElo "2600"]
[BlackElo "2551"]
[EventDate "2008.02.14"]

1. d4 Nf6 2. Nf3 c5 3. d5 b5 4. Bg5 Qb6 5. Bxf6 exf6 6. e4 d6 7. Nbd2 Bd7
8. Bd3 a6 9. c3 g6 10. a4 Ra7 11. O-O Bg7 12. Qe2 Rb7 13. axb5 axb5 14. Ra8
O-O 15. Rfa1 Re8 16. Qf1 Bh6 17. h3 Kg7 18. Bc2 Re7 19. R1a5 Be8 20. Qa1
Qc7 21. Bd3 c4 22. Bc2 Nd7 23. b4 cxb3 24. Nxb3 Nb6 25. R8a6 b4 26. Nbd4
Qxc3 27. Qxc3 bxc3 28. Nc6 Rec7 29. Ra3 Bd2 30. Na5 Rb8 31. Nc6 Bxc6 32.
dxc6 Nc8 33. Nd4 Ne7 34. Ra7 Nxc6 35. Rxc7 Nxd4 36. Bd3 Ne6 37. Rca7 Nc5
38. Bc2 Rb4 39. Ra2 Nxe4 40. Rd7 f5 41. f3 Be3+ 42. Kf1 Ng3+ 43. Ke1 Bc5
44. Bd3 Rd4 45. Bc2 Rd2 0-1

[Event "Aeroflot Open"]
[Site "Moscow RUS"]
[Date "2008.02.19"]
[Round "6"]
[White "Shomoev,A"]
[Black "Akopian,Vl"]
[Result "1/2-1/2"]
[WhiteElo "2562"]
[BlackElo "2700"]
[EventDate "2008.02.14"]

1. e4 c6 2. d4 d5 3. e5 Bf5 4. h4 h5 5. Bg5 Qb6 6. Bd3 Bxd3 7. Qxd3 e6 8.
Nd2 Qa6 9. c4 Bb4 10. b3 Ne7 11. Ngf3 Nf5 12. O-O O-O 13. Rfc1 Nd7 14. a3
Bxd2 15. Qxd2 Rac8 16. a4 Rfe8 17. Qc3 c5 18. cxd5 exd5 19. Qd2 Qe6 20. Bf4
Nxd4 21. Nxd4 cxd4 22. Qxd4 b6 23. Rxc8 Rxc8 24. Rd1 Rc5 25. b4 Rc4 26.
Qxd5 Qxd5 1/2-1/2

[Event "Aeroflot Open"]
[Site "Moscow RUS"]
[Date "2008.02.19"]
[Round "6"]
[White "Bindrich,F"]
[Black "Riazantsev,A"]
[Result "1/2-1/2"]
[WhiteElo "2497"]
[BlackElo "2628"]
[EventDate "2008.02.14"]

1. d4 d5 2. Nf3 c6 3. c4 Nf6 4. e3 Bf5 5. Nc3 a6 6. Bd3 Bxd3 7. Qxd3 e6 8.
O-O Nbd7 9. e4 dxe4 10. Nxe4 Be7 11. Bf4 Nxe4 12. Qxe4 Nf6 13. Qe2 O-O 14.
Rfd1 Re8 15. Ne5 Nd7 16. Rd3 Nxe5 17. Bxe5 Bf6 18. Rad1 b5 19. b3 bxc4 20.
bxc4 Qe7 21. Qe4 Rac8 22. Rb3 1/2-1/2

[Event "Aeroflot Open"]
[Site "Moscow RUS"]
[Date "2008.02.19"]
[Round "6"]
[White "Lysyj,I"]
[Black "Zhou Jianchao"]
[Result "0-1"]
[WhiteElo "2593"]
[BlackElo "2551"]
[EventDate "2008.02.14"]

1. Nf3 Nf6 2. g3 g6 3. Bg2 Bg7 4. d4 O-O 5. O-O d5 6. Be3 b6 7. Ne5 Bb7 8.
c4 c6 9. Nc3 Nbd7 10. Bf4 e6 11. Qa4 Nh5 12. cxd5 Nxe5 13. Bxe5 cxd5 14.
Qa3 Qd7 15. Bxg7 Nxg7 16. Rfd1 Nf5 17. e4 dxe4 18. Nxe4 Kg7 19. Qf3 Rad8
20. Rd2 Qe7 21. Qf4 Nxd4 22. Rxd4 e5 23. Qg5 f6 24. Rxd8 fxg5 25. Rxf8 Kxf8
26. a3 Bxe4 27. Bxe4 Qd7 28. b4 Qd2 29. Kg2 Qb2 30. Rd1 Qxa3 31. Rd8+ Ke7
32. Ra8 g4 33. b5 Kd6 34. Rd8+ Kc5 35. Bc6 a5 36. Rd5+ Kc4 37. Rxe5 a4 38.
Re3 Qd6 0-1

[Event "Aeroflot Open"]
[Site "Moscow RUS"]
[Date "2008.02.19"]
[Round "6"]
[White "Hou Yifan"]
[Black "Iordachescu,V"]
[Result "1-0"]
[WhiteElo "2527"]
[BlackElo "2586"]
[EventDate "2008.02.14"]

1. e4 c6 2. d4 d5 3. Nc3 dxe4 4. Nxe4 Bf5 5. Ng3 Bg6 6. h4 h6 7. Nf3 Nd7 8.
h5 Bh7 9. Bd3 Bxd3 10. Qxd3 e6 11. Bf4 Qa5+ 12. Bd2 Bb4 13. c3 Be7 14. c4
Qc7 15. O-O-O Ngf6 16. Kb1 O-O 17. Rhe1 Rfd8 18. Qc2 a5 19. a3 a4 20. Ne2
Ng4 21. Nf4 Ndf6 22. Bc1 Ra5 23. Qe2 Bf8 24. Nh4 e5 25. dxe5 Rxe5 26. Qc2
Rxe1 27. Rxe1 Qa5 28. Re2 Nxh5 29. Nd3 Rd4 30. Nf3 Rd8 31. Nfe1 b5 32. c5
Ngf6 33. Ne5 Rd5 34. N1d3 Nd7 35. Nxc6 Qc7 36. Ne7+ Bxe7 37. Rxe7 Qd8 38.
Re1 Nhf6 39. c6 Nb6 40. Nb4 Rd4 41. Be3 Rc4 42. Rd1 Qb8 43. Qf5 Na8 44.
Bxh6 1-0

[Event "Aeroflot Open"]
[Site "Moscow RUS"]
[Date "2008.02.19"]
[Round "6"]
[White "Jussupow,Ar"]
[Black "Feller,S"]
[Result "1/2-1/2"]
[WhiteElo "2585"]
[BlackElo "2522"]
[EventDate "2008.02.14"]

1. d4 Nf6 2. c4 e6 3. Nc3 Bb4 4. e3 O-O 5. Bd3 d5 6. Nf3 c5 7. O-O dxc4 8.
Bxc4 Bd7 9. Qe2 Bc6 10. Rd1 Bxc3 11. bxc3 Nbd7 12. Bb3 Qa5 13. c4 cxd4 14.
exd4 Qh5 15. Re1 Rfe8 16. Bf4 Qg4 17. Bg3 Bxf3 18. Qxf3 Qxd4 19. Rad1 Qb6
20. Ba4 Red8 21. Bh4 Nc5 22. Bxf6 gxf6 23. Qxf6 Nxa4 24. Qg5+ Kf8 25. Qh6+
Ke8 26. Qxh7 Qc5 27. Rxe6+ fxe6 28. Qg6+ 1/2-1/2

[Event "Aeroflot Open"]
[Site "Moscow RUS"]
[Date "2008.02.19"]
[Round "6"]
[White "Pavlovic,Milos"]
[Black "Minasian,Art"]
[Result "0-1"]
[WhiteElo "2522"]
[BlackElo "2578"]
[EventDate "2008.02.14"]

1. d4 b6 2. e4 Bb7 3. Nc3 e6 4. Nf3 Bb4 5. Bd3 Nf6 6. Qe2 d5 7. e5 Ne4 8.
O-O Nxc3 9. bxc3 Bxc3 10. Rb1 Nc6 11. Rd1 Qd7 12. Ba3 Nxd4 13. Nxd4 Bxd4
14. c3 Bxc3 15. Rbc1 Ba5 16. Rxc7 Qxc7 17. Rc1 Qxc1+ 18. Bxc1 O-O-O 19. Ba3
Kb8 20. Qf3 Rd7 21. Bd6+ Ka8 22. Bb5 Rc8 23. h3 Bc6 24. Ba6 Rcd8 25. Qd3 g6
26. Qc2 Bb7 27. Bb5 Rc8 28. Qa4 Rdd8 29. Qh4 a6 30. Bd3 Rd7 31. Qxh7 b5 32.
Qh4 Bc7 33. Bxc7 Rdxc7 34. Qf4 Rc1+ 35. Kh2 R8c7 36. h4 R1c3 37. Qd4 R3c4
38. Qb6 Rc8 39. g3 Ra4 40. Kh3 Rxa2 41. Kg4 Rc6 42. Qd8+ Ka7 43. Qf8 Rxf2
44. Bxg6 fxg6 45. Qxf2+ Rb6 46. Kf4 b4 47. Ke3 b3 48. Qb2 a5 49. g4 Rb4 50.
h5 gxh5 51. gxh5 d4+ 52. Kd3 Bf3 53. h6 Bd1 54. Kd2 Bc2 55. Qa1 Kb6 56. Qh1
b2 57. Kxc2 b1=Q+ 58. Qxb1 d3+ 59. Kc1 d2+ 0-1

[Event "Aeroflot Open"]
[Site "Moscow RUS"]
[Date "2008.02.19"]
[Round "6"]
[White "Volkov,Sergey1"]
[Black "Zhigalko,S"]
[Result "1-0"]
[WhiteElo "2623"]
[BlackElo "2558"]
[EventDate "2008.02.14"]

1. d4 d5 2. c4 e6 3. Nc3 c6 4. e4 Bb4 5. cxd5 exd5 6. e5 c5 7. Nf3 Nc6 8.
Bb5 Nge7 9. O-O O-O 10. dxc5 Bg4 11. h3 Bxf3 12. Qxf3 Bxc5 13. Bxc6 bxc6
14. Bg5 h6 15. Bh4 Qd7 16. Rfe1 Rfe8 17. Na4 Bd4 18. Rad1 Nf5 19. Bg3 Rad8
20. b4 a5 21. bxa5 Ba7 22. Nb6 Qe6 23. Bf4 Bxb6 24. axb6 c5 25. Rb1 d4 26.
a4 c4 27. a5 d3 28. Bd2 Nd4 29. Qe4 f5 30. Qe3 Nc2 31. Qc5 Rc8 32. Qd6 c3
33. Qxe6+ Rxe6 34. Bxc3 Nxe1 35. Bxe1 Rb8 36. f4 g5 37. g3 Rc6 38. Kf2 Rc4
39. a6 Ra4 40. a7 Rb7 41. Bc3 Kf7 42. Ke3 d2 43. Kxd2 Rd7+ 44. Kc2 Ra2+ 45.
Rb2 1-0

[Event "Aeroflot Open"]
[Site "Moscow RUS"]
[Date "2008.02.19"]
[Round "6"]
[White "Laznicka,V"]
[Black "Olafsson,H1"]
[Result "1-0"]
[WhiteElo "2595"]
[BlackElo "2531"]
[EventDate "2008.02.14"]

1. e4 e5 2. Bc4 Nf6 3. d3 Nc6 4. Nf3 h6 5. O-O g6 6. d4 exd4 7. Nxd4 Bg7 8.
e5 Nxe5 9. Re1 O-O 10. Rxe5 d5 11. Be2 Ne4 12. Nf3 c6 13. Rxe4 dxe4 14.
Qxd8 Rxd8 15. Nfd2 f5 16. Nb3 b6 17. Nc3 Be6 18. f3 exf3 19. Bxf3 Rac8 20.
Be3 g5 21. g3 c5 22. Re1 Bxc3 23. bxc3 Kf7 24. Kf2 Bd5 25. Be2 Kf6 26. c4
Be4 27. Rc1 Rd6 28. Nd2 Bc6 29. Nb1 Kg6 30. Nc3 Re8 31. Bd3 Red8 32. Ke2
Re8 33. Rf1 Rf6 34. a4 Bg2 35. Rf2 Bh3 36. Nd5 Rfe6 37. Kd2 Re5 38. c3 R5e6
39. Bc2 Re5 40. Bd3 R5e6 41. Be2 Re4 42. Kd3 Bg4 43. Bxg4 Rxg4 44. a5 Re6
45. axb6 axb6 46. Rb2 Rge4 47. Bf2 b5 48. Rxb5 Re2 49. Bxc5 Rxh2 50. Rb6
Rhe2 51. Ne3 Rxb6 52. Bxb6 Rb2 53. c5 f4 54. gxf4 gxf4 55. Nc4 Ra2 56. c6
1-0

[Event "Aeroflot Open"]
[Site "Moscow RUS"]
[Date "2008.02.19"]
[Round "6"]
[White "Meier,Geo"]
[Black "Al Sayed,Mohamad"]
[Result "1/2-1/2"]
[WhiteElo "2570"]
[BlackElo "2486"]
[EventDate "2008.02.14"]

1. e4 c6 2. d4 d5 3. exd5 cxd5 4. c4 Nf6 5. Nc3 g6 6. Qb3 Bg7 7. cxd5 O-O
8. Nge2 Na6 9. g3 b5 10. a3 Nc7 11. Bg2 Bb7 12. Nf4 Rb8 13. O-O a5 14. Re1
Re8 15. Bd2 Ba8 16. h4 b4 17. axb4 axb4 18. Nce2 Bxd5 19. Nxd5 Nfxd5 20.
Rec1 e6 21. Rc5 Bf8 22. Rc4 Qd7 23. Nc1 Nb5 24. Qd3 Nd6 25. Rc2 Qb5 26.
Qxb5 Nxb5 27. Nb3 Bg7 28. Rc4 Nd6 29. Rc5 Nf5 30. Bxd5 exd5 31. Rxd5 Re4
32. Re1 Rxe1+ 33. Bxe1 h5 34. Kf1 Rc8 35. Rc5 Ra8 36. Bxb4 Nxd4 37. Nxd4
Bxd4 38. Rc2 f6 39. Ke2 Kf7 40. Bc3 Bxc3 41. Rxc3 Rb8 42. b3 g5 43. Rf3
gxh4 44. gxh4 Rb4 45. Kd2 Rxh4 46. Kc3 Rh1 47. b4 h4 48. b5 Ke6 49. Kc2 h3
50. b6 Kd7 51. Rxf6 Rf1 1/2-1/2

[Event "Aeroflot Open"]
[Site "Moscow RUS"]
[Date "2008.02.19"]
[Round "6"]
[White "Pashikian,A"]
[Black "Cherniaev,A1"]
[Result "1/2-1/2"]
[WhiteElo "2556"]
[BlackElo "2491"]
[EventDate "2008.02.14"]

1. d4 d5 2. c4 Nc6 3. Nf3 Bg4 4. Nc3 e6 5. Qa4 Bxf3 6. gxf3 Nge7 7. e3 g6
8. Bd2 Bg7 9. f4 O-O 10. Bg2 Qd7 11. f5 a6 12. fxe6 fxe6 13. O-O Kh8 14. f4
Rad8 15. b4 dxc4 16. Rad1 Nd5 17. b5 Nxc3 18. Bxc3 Ne7 19. Qxc4 axb5 20.
Qb3 Nd5 21. Bd2 Ra8 22. e4 Nb6 23. Bb4 Rfe8 24. f5 gxf5 25. exf5 exf5 26.
Bxb7 Rab8 27. Qf3 Re6 28. Kh1 c6 29. d5 Nxd5 30. Bxc6 Rg6 31. Bb7 Re6 32.
Bc6 1/2-1/2

[Event "Aeroflot Open"]
[Site "Moscow RUS"]
[Date "2008.02.19"]
[Round "6"]
[White "Andriasian,Z"]
[Black "Zhigalko,A"]
[Result "1/2-1/2"]
[WhiteElo "2532"]
[BlackElo "2556"]
[EventDate "2008.02.14"]

1. e4 c6 2. d4 d5 3. Nc3 dxe4 4. Nxe4 Nd7 5. Nf3 Ngf6 6. Nxf6+ Nxf6 7. Bg5
Bg4 8. c3 Qd5 9. Be3 Bxf3 10. Qxf3 Qxf3 11. gxf3 e6 12. f4 Bd6 13. Ke2 a5
14. Kf3 g6 15. b3 Ke7 16. Bd3 Rhc8 17. Rhe1 Kd7 18. Red1 Kc7 1/2-1/2

[Event "Aeroflot Open"]
[Site "Moscow RUS"]
[Date "2008.02.19"]
[Round "6"]
[White "Melkumyan,H"]
[Black "Chuprov,D"]
[Result "1-0"]
[WhiteElo "2485"]
[BlackElo "2596"]
[EventDate "2008.02.14"]

1. d4 Nf6 2. c4 a6 3. Nc3 c5 4. Nf3 cxd4 5. Nxd4 e5 6. Nc2 Nc6 7. Bg5 Be7
8. g3 d6 9. Bg2 Be6 10. Ne3 O-O 11. O-O Rc8 12. Qd2 Qd7 13. Rfd1 Nd4 14.
Bxf6 Bxf6 15. Ned5 Bd8 16. e3 Nf5 17. Qe2 Ne7 18. b3 Nxd5 19. Bxd5 b5 20.
Rac1 bxc4 21. Bxc4 Bxc4 22. bxc4 Qc6 23. Qd2 Ba5 24. Qxd6 Qxd6 25. Rxd6
Rxc4 26. Ne2 Rxc1+ 27. Nxc1 Ra8 28. Nd3 f6 29. Nc5 Rc8 30. Nb3 Bb4 31. Rxa6
Rc2 32. Kf1 Kf7 33. Ra4 Be7 34. h4 h5 35. Na5 Ke6 36. Ke1 g5 37. Nc4 gxh4
38. gxh4 f5 39. Nd2 f4 40. Kd1 Rb2 41. Kc1 Rb8 42. exf4 exf4 43. Re4+ Kd7
44. Rxf4 Bd6 45. Rf5 Ke6 46. Rxh5 Bf4 47. Rc5 Rd8 48. Rc2 Kf5 49. Kd1 Kg4
50. Ke2 Kxh4 51. Ne4 Ra8 52. Kf3 Be5 53. Nc5 Kg5 54. Ke4 Bd6 55. Ne6+ Kf6
56. Nd4 Bf8 57. Nb5 Ra4+ 58. Kd3 Kf5 59. Nc3 Ra8 60. Ke2 Bg7 61. Nd5 Ke4
62. Ne3 Bd4 63. Nf1 Kd5 64. Rd2 Ke5 65. f4+ Kd5 66. Ng3 Kc4 67. Nf5 Bc5 68.
Ne3+ Kb5 69. Kf3 Ra3 70. Re2 Kc6 71. Ke4 Ra4+ 72. Kf5 Bd6 73. Rc2+ Kd7 74.
Nc4 Bc7 75. Kg6 Ra6+ 76. Kg5 Bd8+ 77. Kg4 Bc7 78. Ne3 Ra4 79. Nd5 Bd8 80.
Rd2 Ke6 81. Nc3 Ra8 82. a4 Be7 83. Re2+ Kf7 84. Re4 Ra5 85. Nb5 Ra8 86. Rc4
Ra6 87. Kf5 Rf6+ 88. Ke5 Ra6 89. Rc7 Kf8 90. Ra7 Rc6 91. Nd4 Rc1 92. a5
Re1+ 93. Kf5 Rd1 94. Nc6 Bc5 95. Rc7 Ra1 96. Kf6 Ke8 97. Ne5 1-0

[Event "Aeroflot Open"]
[Site "Moscow RUS"]
[Date "2008.02.20"]
[Round "7"]
[White "Amonatov,F"]
[Black "Nepomniachtchi,I"]
[Result "1/2-1/2"]
[WhiteElo "2649"]
[BlackElo "2600"]
[EventDate "2008.02.14"]

1. e4 e6 2. d4 d5 3. Nc3 Nf6 4. Bg5 Bb4 5. e5 h6 6. Be3 Ne4 7. Qg4 g6 8. a3
Bxc3+ 9. bxc3 Nxc3 10. Bd3 Nc6 11. h4 Ne7 12. h5 g5 13. f3 c5 14. dxc5 Nc6
15. f4 d4 16. Bd2 Qd5 17. Nf3 Bd7 18. O-O gxf4 19. Qh4 Qxc5 20. Qf6 Rg8 21.
Bxf4 Nd5 22. Qxh6 O-O-O 23. Bg5 Rh8 24. Qg7 Rdg8 25. Qxf7 1/2-1/2

[Event "Aeroflot Open"]
[Site "Moscow RUS"]
[Date "2008.02.20"]
[Round "7"]
[White "Jobava,Ba"]
[Black "Le Quang Liem"]
[Result "0-1"]
[WhiteElo "2643"]
[BlackElo "2540"]
[EventDate "2008.02.14"]

1. e4 c5 2. Nf3 d6 3. d4 cxd4 4. Nxd4 Nf6 5. Nc3 g6 6. Be3 Bg7 7. f3 O-O 8.
Qd2 Nc6 9. g4 Be6 10. O-O-O Nxd4 11. Bxd4 Qa5 12. a3 Rab8 13. Kb1 Rfc8 14.
h4 b5 15. Nd5 Qxd2 16. Rxd2 Bxd5 17. exd5 a5 18. c3 Nd7 19. f4 Nc5 20. Bxg7
Kxg7 21. h5 b4 22. cxb4 axb4 23. a4 Nxa4 24. Rdh2 Rh8 25. h6+ Kf8 26. g5
Nc5 27. Bh3 f5 28. gxf6 exf6 29. f5 Kf7 30. Rf1 Rhe8 31. fxg6+ hxg6 32.
Rhf2 f5 33. Rg2 Re5 34. Rfg1 Rg8 35. h7 Rh8 36. Rxg6 Rxh7 37. Bxf5 Rxf5 38.
Rxd6 Rh2 39. Rc6 Nd3 40. Rc2 Rff2 41. Rxf2+ Rxf2 42. d6 Ke6 43. Ka1 Rd2 44.
Rg6+ Kd7 45. b3 Nc5 46. Kb1 Rd3 0-1

[Event "Aeroflot Open"]
[Site "Moscow RUS"]
[Date "2008.02.20"]
[Round "7"]
[White "Najer,E"]
[Black "Guseinov,G"]
[Result "0-1"]
[WhiteElo "2634"]
[BlackElo "2617"]
[EventDate "2008.02.14"]

1. e4 c5 2. Nf3 g6 3. d4 cxd4 4. Qxd4 Nf6 5. e5 Nc6 6. Qa4 Nd5 7. Qe4 Nc7
8. Nc3 Bg7 9. Bf4 b5 10. O-O-O b4 11. Nd5 Nxd5 12. Rxd5 Bb7 13. Bb5 e6 14.
Rd6 O-O 15. Kb1 Qa5 16. Qe2 Ne7 17. Rxd7 Bd5 18. Bc4 Bxc4 19. Qxc4 Nd5 20.
Rd1 Rac8 21. R1xd5 exd5 22. Qxd5 Qxd5 23. Rxd5 Rfd8 24. Rxd8+ Rxd8 25. Kc1
f6 26. exf6 Bxf6 27. Ne1 Kf7 28. Nd3 a5 29. Be3 Ke6 30. Nc5+ Kd5 31. f3 Kc4
32. Ne4 Be5 33. h3 a4 34. b3+ Kb5 35. Nc5 Re8 36. bxa4+ Kc4 37. Ne4 Ra8 38.
Nc5 Ra5 39. Nd3 Bc3 40. Nb2+ Bxb2+ 41. Kxb2 Rxa4 42. Bg5 Ra8 43. g4 Ra3 0-1

[Event "Aeroflot Open"]
[Site "Moscow RUS"]
[Date "2008.02.20"]
[Round "7"]
[White "Predojevic,B"]
[Black "Maletin,P"]
[Result "1-0"]
[WhiteElo "2641"]
[BlackElo "2573"]
[EventDate "2008.02.14"]

1. e4 d6 2. Nc3 Nf6 3. Nf3 e5 4. g3 c6 5. Bg2 b5 6. O-O Be7 7. d3 O-O 8. h3
Nbd7 9. g4 Nc5 10. Ne2 h5 11. g5 Nh7 12. h4 g6 13. d4 Nxe4 14. dxe5 d5 15.
Nfd4 Bd7 16. f3 Nc5 17. Be3 Ne6 18. f4 Nxd4 19. Qxd4 Bf5 20. Ng3 Qd7 21.
Nxf5 Qxf5 22. Qd3 Qg4 23. Rf3 Bd8 24. Raf1 Qxh4 25. Bh3 Bb6 26. Kg2 Rae8
27. Bd2 Nxg5 28. fxg5 Kg7 29. e6 fxe6 30. Rf6 1-0

[Event "Aeroflot Open"]
[Site "Moscow RUS"]
[Date "2008.02.20"]
[Round "7"]
[White "Zhou Jianchao"]
[Black "Mamedov,Rau"]
[Result "1/2-1/2"]
[WhiteElo "2551"]
[BlackElo "2583"]
[EventDate "2008.02.14"]

1. d4 d6 2. Nf3 g6 3. g3 Bg7 4. Bg2 Nf6 5. O-O O-O 6. c4 Nbd7 7. Nc3 e5 8.
e4 a6 9. b3 exd4 10. Nxd4 Rb8 11. Bb2 Re8 12. Re1 h5 13. h3 c5 14. Nc2 Ne5
15. f4 Nc6 16. Qd2 Qa5 17. Rad1 Be6 18. Ba1 Rbd8 19. Nd5 Nh7 20. Bxg7 Kxg7
21. Qxa5 Nxa5 22. Nb6 h4 23. g4 f6 24. Rd2 Kf8 25. Red1 Ke7 26. f5 Bf7 27.
fxg6 Bxg6 28. Nd5+ Kf7 29. Nc3 Ke7 30. Ne1 Ng5 31. Nd3 Nc6 32. Rf1 Kf7 33.
Rdf2 Kg7 34. Rxf6 Nd4 35. R6f2 Nxe4 36. Nxe4 Bxe4 37. Nf4 Kh6 38. Nh5 Bg6
39. Nf4 Re7 40. Bd5 Bh7 41. g5+ Kxg5 42. Rg2+ Kh6 43. Ne6 Rg8 44. Rxg8 Bxg8
45. Rf6+ Kh5 46. Nxd4 Bxd5 47. Rf5+ Kg6 48. Rxd5 cxd4 49. Rxd6+ Kf5 50.
Rxd4 Re2 51. Rxh4 Rxa2 52. Rh7 b5 53. cxb5 axb5 54. Rh5+ Kf4 55. Rxb5 Kg3
56. Kf1 Kxh3 57. Ke1 Kg4 58. Kd1 Kf4 59. Kc1 Ke4 60. Kb1 Rh2 61. Rc5 Kd4
62. b4 Rg2 63. Ka1 Re2 64. Kb1 Re5 65. Rxe5 Kxe5 66. Kc2 Kd5 67. Kb3 Kc6
68. Ka4 Kb6 69. b5 1/2-1/2

[Event "Aeroflot Open"]
[Site "Moscow RUS"]
[Date "2008.02.20"]
[Round "7"]
[White "Akopian,Vl"]
[Black "Safarli,E"]
[Result "1-0"]
[WhiteElo "2700"]
[BlackElo "2496"]
[EventDate "2008.02.14"]

1. e4 c5 2. Nf3 e6 3. d4 cxd4 4. Nxd4 Nf6 5. Nc3 Nc6 6. Ndb5 d6 7. Bf4 e5
8. Bg5 a6 9. Na3 b5 10. Nd5 Be7 11. Bxf6 Bxf6 12. c4 bxc4 13. Bxc4 O-O 14.
O-O Rb8 15. b3 Bg5 16. Qd3 Be6 17. Nc2 a5 18. Rad1 Rc8 19. a4 Kh8 20. Na3
Nd4 21. Nb5 Bxd5 22. Bxd5 Bf6 23. Bc4 g6 24. g3 Qb6 25. Kg2 Bg7 26. Rfe1
Qc5 27. h4 f5 28. Nxd4 fxe4 29. Qxe4 exd4 30. h5 d3 31. f4 Qxh5 32. Rxd3
Qc5 33. Rd5 Qc7 34. Rb5 Rb8 35. Qd5 Rf5 36. Re7 Rxd5 37. Rxc7 Rdxb5 38.
axb5 Bd4 39. Rd7 Bc5 40. g4 h6 41. f5 gxf5 42. gxf5 Rf8 43. Be6 Rb8 44. Kf3
Rxb5 45. Kg4 Rb4+ 46. Kh5 Rf4 47. Kxh6 Rh4+ 48. Kg5 Rh2 49. Rd8+ Kh7 50.
Bg8+ Kh8 51. Bd5+ Kh7 52. Rd7+ Kh8 53. Kg6 Bb6 54. Re7 1-0

[Event "Aeroflot Open"]
[Site "Moscow RUS"]
[Date "2008.02.20"]
[Round "7"]
[White "Riazantsev,A"]
[Black "Khismatullin,D"]
[Result "1/2-1/2"]
[WhiteElo "2628"]
[BlackElo "2564"]
[EventDate "2008.02.14"]

1. d4 Nf6 2. c4 e6 3. Nf3 d5 4. Nc3 Be7 5. Bg5 h6 6. Bh4 O-O 7. e3 Ne4 8.
Bxe7 Qxe7 9. Qc2 Nxc3 10. Qxc3 dxc4 11. Bxc4 b6 12. Rd1 Bb7 13. b4 Nd7 14.
O-O c5 15. bxc5 Bxf3 16. gxf3 bxc5 17. d5 1/2-1/2

[Event "Aeroflot Open"]
[Site "Moscow RUS"]
[Date "2008.02.20"]
[Round "7"]
[White "Evdokimov,Alexa"]
[Black "Volkov,Sergey1"]
[Result "1-0"]
[WhiteElo "2569"]
[BlackElo "2623"]
[EventDate "2008.02.14"]

1. d4 d5 2. c4 c6 3. Nf3 Nf6 4. Nc3 a6 5. e3 b5 6. b3 Bg4 7. h3 Bxf3 8.
gxf3 Nbd7 9. Bb2 e6 10. Bd3 bxc4 11. bxc4 dxc4 12. Bxc4 c5 13. O-O cxd4 14.
Qxd4 Bc5 15. Qd3 O-O 16. f4 Qa5 17. Ne4 Nxe4 18. Qxe4 Ba3 19. Bd4 Bc5 20.
Bb2 Ba3 21. Bd4 Bc5 22. Rad1 Bxd4 23. Rxd4 Nb6 24. Bb3 Qc5 25. Rfd1 a5 26.
Rd6 Rab8 27. Qc6 Qh5 28. Kg2 h6 29. Qe4 Rfc8 30. R1d2 Re8 31. Bc2 g6 32.
Bb3 Qf5 33. Qd4 Qb5 34. Rc2 a4 35. Rc5 Qa6 36. Bc2 Qb7+ 37. Be4 Qe7 38.
Rcc6 Nd5 39. Bxd5 exd5 40. Qxd5 Qe4+ 41. Qxe4 Rxe4 42. Rc7 Re6 43. Rxe6
fxe6 44. Ra7 Rb4 45. h4 h5 46. Kg3 Kf8 47. Kf3 Rc4 48. a3 Kg8 49. Re7 Rc3
50. Rxe6 Kf7 51. Ra6 Rxa3 52. f5 gxf5 53. Kf4 Ra2 54. f3 Ra3 55. Ra5 Ke6
56. Re5+ Kd6 57. Rxf5 Kc6 58. Rxh5 Ra1 59. e4 Kb6 60. Rh8 Kb7 61. Rd8 a3
62. Rd3 Kc6 63. e5 Kc5 64. e6 Kb4 65. Re3 Rd1 66. e7 a2 67. e8=Q a1=Q 68.
Qb8+ Kc4 69. Qb3+ Kc5 70. Re5+ Kc6 71. Qb5+ Kc7 72. Re7+ Kd6 73. Rd7+ Ke6
74. Qf5+ 1-0